Normal view MARC view

Entry Topical Term

Number of records used in: 1

001 - CONTROL NUMBER

  • control field: 2980

003 - CONTROL NUMBER IDENTIFIER

  • control field: OSt

005 - DATE AND TIME OF LATEST TRANSACTION

  • control field: 20150226133842.0

008 - FIXED-LENGTH DATA ELEMENTS

  • fixed length control field: 150226|| aca||aabn | a|a d

040 ## - CATALOGING SOURCE

  • Original cataloging agency: OSt
  • Transcribing agency: OSt

150 ## - HEADING--TOPICAL TERM

  • Topical term or geographic name entry element: Hematologic Diseases
  • General subdivision: diagnosis
  • General subdivision: laboratory manuals.

670 ## - SOURCE DATA FOUND

  • Source citation: Work cat.: (OSt)1099: Brown, Barbara A. 2977, Hematology :, 1993.